| 000 | 00532 a2200169 4500 | ||
|---|---|---|---|
| 999 |
_c533 _d533 |
||
| 008 | 221012b ||||| |||| 00| 0 eng d | ||
| 020 | _a9788131720486 | ||
| 082 | 0 | 0 |
_a532 _bV565 |
| 100 |
_aVersteeg, H. _95295 |
||
| 245 |
_aAn introduction to computational fluid dynamics / _cby H. Versteeg, and W. Malalasekra |
||
| 250 | _a2nd ed. | ||
| 260 |
_aNoida: _bPearson Education, _c2017. |
||
| 300 | _axiii, 503 p. | ||
| 650 | 0 |
_aComputational Fluid Dynamics _xMechanical Engineering |
|
| 700 |
_95296 _aMalalasekra, W. |
||
| 942 |
_2ddc _cBK |
||